000
00300nam a2200133Ia 4500
008
231129s1970||||xx |||||||||||||| ||spa||
040
_b
spa
082
_a
523.1 P585u
100
_a
Piccard Augusto
245
0
_a
En el umbral del cosmos
260
_c
1970
264
_a
Juventud
942
_2
ddc
_c
BKS
999
_c
12879
_d
12879